| 000 | 01027nas a2200325 4500 | ||
|---|---|---|---|
| 001 | BR2014002039 | ||
| 003 | BR-BrBNA | ||
| 005 | 20231205123849.0 | ||
| 007 | ta | ||
| 008 | 230509b bl.|||p| |||| 00| 00por d | ||
| 040 |
_aBR-BrBNA _bpor _cBiblioteca Nacional de Agricultura |
||
| 041 | _a(Pt) | ||
| 072 | _aL51; L01 | ||
| 100 | 1 | _aLucci, C. de S. | |
| 100 | 1 | _aValvasori, E. | |
| 100 | 1 | _aFontolan, V. | |
| 100 | 1 | _aPeixoto Júnior, K. da C. | |
| 100 | 1 | _aSouza, A.A.A. | |
| 100 | 1 | _aLima, E.R. de | |
| 100 | 1 | _aSilvestrini, G. da R. | |
| 245 | 1 | _aDesempenho de bezerros da raça Holandesa alimentados com proteína de soja sólida ou líquida | |
| 650 | _aGADO HOLANDÊS | ||
| 650 | _aCONVERSÃO ALIMENTAR | ||
| 650 | _aGANHO DE PESO | ||
| 650 | _aDIETA | ||
| 773 | 0 |
_tRevista Brasileira de Zootecnia (Brazil) _xISSN 1806-9290 _g(Feb 2010), v. 39(2) p. 387-393 _wBR2014002039 |
|
| 856 | 4 | 0 | _uhttp://www.scielo.br/pdf/rbz/v39n2/23.pdf |
| 909 |
_a202311 _bLúcia _c55 _dLúcia Elande |
||
| 942 |
_2AGRIS _n0 _cANA |
||
| 999 |
_c236086 _d236086 |
||